|
|
|
|
| LEADER |
00000naa2a2200000 4500 |
| 001 |
586854 |
| 005 |
20241209133456.0 |
| 035 |
|
|
|a (RuTPU)RU\TPU\prd\289446
|
| 035 |
|
|
|a RU\TPU\tpu\1457
|
| 090 |
|
|
|a 586854
|
| 100 |
|
|
|a 20220112d1963 k y0rusy50 ca
|
| 101 |
0 |
|
|a rus
|
| 102 |
|
|
|a RU
|
| 200 |
1 |
|
|a N"N`-Бензилацилпроизводные мочевины
|f Л. П. Кулев, Н. С. Добычина
|
| 320 |
|
|
|a Библиогр.: 6 назв.
|
| 461 |
|
0 |
|0 (RuTPU)RU\TPU\prd\518
|x 0373-0247
|t Журнал Всесоюзного химического общества им. Д. И. Менделеева
|d 1960-1991
|
| 463 |
|
0 |
|0 (RuTPU)RU\TPU\prd\124110
|t Т. 8, № 6
|v С. 701-702
|d 1963
|
| 610 |
1 |
|
|a химические науки
|
| 610 |
1 |
|
|a труды учёных ТПУ
|
| 700 |
|
1 |
|a Кулев
|b Л. П.
|c химик
|c профессор Томского политехнического института
|f 1900-1962
|g Леонид Петрович
|3 (RuTPU)RU\TPU\pers\12449
|9 3456
|
| 701 |
|
1 |
|a Добычина
|b Н. С.
|
| 801 |
|
0 |
|a RU
|b 63413507
|c 20011210
|g PSBO
|
| 801 |
|
2 |
|a RU
|b 63413507
|c 20220112
|g PSBO
|
| 942 |
|
|
|c CR
|